000 00218nam a22000857a 4500
008 170617b xxu||||| |||| 00| 0 eng d
100 _93478
_aLady Irw in College
245 _aHome Science
260 _aNew Delhi
_bN. B. T
_c2007
999 _c6852
_d6852